000 00709nam a2200241Ia 4500
003 OSt
005 20250319125202.0
008 220923b |||||||| |||| 00| 0 eng d
020 _a9780321500465
037 _cGeneral Book
040 _aRTL
_cRTL
_beng
041 _2eng
_aeng
100 _aDegroot Morris H
_9243433
245 0 _aProbability and statistics
250 _a4
260 _aBoston
_bAddison-Wesley
_c2012
300 _axiv, 893p
_ccm.
500 _aBibliography: P 879-83
650 _aEconomics
700 _a Schervish Mark J
_9243434
942 _hB281, P2; Q2/NTI
_cGB
_2CC
_n0
999 _c487506
_d487506